00317nam a2200145Ia 45000030006000000080041000060400015000471000016000622450017000782500010000952600031001053000006001365460012001420050017001540STCL150530s9999 xx 000 0 und d aSTCLcSTCL aJohn Butler aThomas Hardy aFirst bCambridge universityc1979 a0 aEnglish20220125170858.0